00808cam a2200265 a 450000100060000000300080000600500170001400800410003102000210007202000160009303500190010904000320012804100080016008200270016810000180019524500760021326000430028930000260033249000120035849000470037050400380041765000280045583000120048383000470049551740BD-RjUL20211209075715.0160901s2005 enk b 001 0 eng  a041524384-X(pbk) a041524384-1 a(BD-RjUL)51860 aDLCcDLCdDLCdBD-RjULbeng aeng00a302.2301223bMOM 20051 aMoores, Shaun10aMedia/theory :bthinking about media and communications /cShaun Moores aLondon ;aNew York :bRoutledge,c2005 axii, 212 p. ;c24 cm.0 aComedia0 aCritical voices in art, theory and culture aIncludes bibliography and index. 0aMass mediaxPhilosophy. aComedia aCritical voices in art, theory and culture